Chakras: (Record no. 179017)

MARC details
000 -LEADER
fixed length control field 00659nam a22002057a 4500
005 - DATE AND TIME OF LATEST TRANSACTION
control field 20210512114715.0
010 ## - LCCN (DPL NO)
LC control number B-739915
020 ## - INTERNATIONAL STANDARD BOOK NUMBER
International Standard Book Number 9780892816774
Terms of availability 699.00
035 ## - SYSTEM CONTROL NUMBER
System control number B-739915
037 ## - SOURCE OF ACQUISITION
Source of stock number/acquisition Gift
082 ## - DEWEY DECIMAL CLASSIFICATION NUMBER
Classification number 181.432
100 ## - MAIN ENTRY--PERSONAL NAME
Personal name Johari, Harish
245 ## - TITLE STATEMENT
Title Chakras:
Remainder of title energy centers of transformation /
Statement of responsibility, etc by Harish Johari
260 ## - PUBLICATION, DISTRIBUTION, ETC. (IMPRINT)
Place of publication, distribution, etc Noida
Name of publisher, distributor, etc Simon & Schuster India
Date of publication, distribution, etc 1987
270 ## - ADDRESS
Address 2316 Tower A, The Corenthum, Sector-62
City Noida
300 ## - PHYSICAL DESCRIPTION
Extent 116p.:
Other physical details ill.
Dimensions 27cm(pbk)
500 ## - GENERAL NOTE
General note include index
942 ## - ADDED ENTRY ELEMENTS (KOHA)
Source of classification or shelving scheme Dewey Decimal Classification
Item type English Books
Classification part 181.432
Call number suffix JOH
Holdings
Withdrawn status Lost status Not for loan Collection code Home library Current library Date acquired Source of acquisition Cost, normal purchase price Full call number Barcode Copy number Cost, replacement price Koha item type Public note
      Non-fiction Ashok Vihar Ashok Vihar 12/05/2021 Gift/Eng/03-05-2021 699.00 181.432 JOH B-739915 1 699.00 English Books Gift

© Delhi Public Library
Hit Counter
free hit counter